A reforma esquecida / (Record no. 791)

MARC details
000 -LÍDER
Campo Fixo de Controle 01116nam a2200301 a 4500
001 - NÚMERO DE CONTROLE
Campo de Controle 791
003 - IDENTIFICAÇÃO DO NÚMERO DE CONTROLE
Campo de Controle BR-CuiBMT
005 - DATA E HORA DA ÚLTIMA ATUALIZAÇÃO
Campo de Controle 20231117204043.0
008 - DADOS FIXOS
Dados Fixos 231113s2013 rjba 000 0 por d
020 ## - INTERNATIONAL STANDARD BOOK NUMBER
Nº do ISBN 9788522513185
040 ## - AGÊNCIA CATALOGADORA
Código da Agência Catalogadora BR-CuiBMT
Agência que transcreveu o registro BR-CuiBMT
080 ## - Nº DA CLASSIFICAÇÃO DECIMAL UNIVERSAL
Nº Class. CDU 336.14
Nº edição CDU 2007
090 ## - NÚMERO DE CHAMADA
Nº classificação 336.14
Cutter R332
245 02 - TÍTULO PRINCIPAL
Título principal A reforma esquecida /
Indicação de responsabilidade Fernando Rezende e Armando Cunha, organizadores ; [autores Armando Cunha ... et al.].
260 ## - PUBLICAÇÃO, DISTRIBUIÇÃO, ETC.
Local de publicação Rio de Janeiro :
Editora FGV,
Data 2013-2014.
300 ## - DESCRIÇÃO FÍSICA
N. páginas ou volumes 2 v. :
Ilustrações il. ;
Dimensões 23 cm
500 ## - NOTAS GERAIS
Notas gerais Vários autores.
504 ## - NOTA DE BIBLIOGRAFIA, ETC.
Nota de bibliografia Inclui bibliografia.
505 ## - NOTA DE CONTEÚDO
Nota de conteúdo Conteúdo completo: v. 1. Orçamento, gestão pública e desenvolvimento -- v. 2 Obstáculos e caminhos para a reforma do processo orçamentário
590 ## - NOTA LOCAL
Nota local A Biblioteca possui a 2. reimpr. de 2013.
650 ## - ASSUNTO TÓPICO
Cabeçalho tópico ou nome geográfico Orçamento público
Subdivisão geral Coletânea
Subdivisão geográfica Brasil
650 ## - ASSUNTO TÓPICO
Cabeçalho tópico ou nome geográfico Orçamento público
Subdivisão geral Planejamento
650 ## - ASSUNTO TÓPICO
Cabeçalho tópico ou nome geográfico Execução orçamentária
Subdivisão geográfica Brasil
650 ## - ASSUNTO TÓPICO
Cabeçalho tópico ou nome geográfico Políticas públicas
Subdivisão geral Financiamento
700 ## - ENTRADA SECUNDÁRIA -- NOME PESSOAL
Nome pessoal Rezende, Fernando
Cód. do termo explicativo org.
700 ## - ENTRADA SECUNDÁRIA -- NOME PESSOAL
Nome pessoal Cunha, Armando,
Datas associadas ao nome 1947-
Cód. do termo explicativo org.
942 ## - ELEMENTOS DE ENTRADA ADICIONAIS (KOHA)
Fonte de classificação ou esquema de arquivamento Classificação Decimal Universal
Tipo de item do Koha Livros
Holdings
Estado: removido Estado: perdido Fonte de classificação ou esquema de arquivamento Estado: danificado Indisponível para empréstimo Localização permanente Localização atual Data de aquisição Numeração serial ou cronológica (Volume) Total Checkouts Número de Chamada completo Código de barras Date last seen Número do exemplar Preço efetivo a partir de Tipo de item (Koha) Nota pública
    Classificação Decimal Universal     Biblioteca da Escola Superior de Contas do TCE/MT Biblioteca da Escola Superior de Contas do TCE/MT 17/11/2023 v. 1   336.14 R332 BIBTCEMT23110716 17/11/2023 Ex. 1 17/11/2023 Livros 2. reimpr. 2013
    Classificação Decimal Universal     Biblioteca da Escola Superior de Contas do TCE/MT Biblioteca da Escola Superior de Contas do TCE/MT 17/11/2023 v. 2   336.14 R332 BIBTCEMT23110717 17/11/2023 Ex. 1 17/11/2023 Livros  

Powered by Koha